Five Letter Geography - W - Statistics

General Stats
  • This quiz has been taken 53 times
  • The average score is 8 of 10
Answer Stats
Hint Answer % Correct
Biggest species of animal on the entire planet Blue {Whale}
100%
One of the four "countries" of the United Kingdom Wales
100%
Eg. Rivers, oceans, lakes, ponds, streams, etc... Water
100%
A staple cereal grain that is a top global export Wheat
94%
What you would call someone from the "country" above Welsh
92%
Earth, with all of its countries, peoples, and natural features World
92%
Major city in central China and the capital of Hubei province Wuhan
92%
One of the three parts of the Nile River {White} Nile
87%
A tract of uncultivated or uninhabited land Waste
56%
Ethnic group mainly in Senegal, the Gambia, and Mauritania Wolof
27%
No matching quizzes found
Score Distribution
Percent of People with Each Score
Percentile by Number Answered
Your Score History
You have not taken this quiz